000 00295nam a2200121Ia 4500
005 20251222143112.0
008 251222s9999||||xx |||||||||||||| ||spa||
082 _a980.513/T18
100 _aTamayo Herrera, José
245 0 _aEl Pensamiento Indigenista
264 _bMozaca Azul
942 _cLIB
999 _c11195
_d11195